Architectural details. Pillars (Record no. 7929)

000 -LEADER
fixed length control field 00366nam a22001457a 4500
003 - CONTROL NUMBER IDENTIFIER
control field OSt
005 - DATE AND TIME OF LATEST TRANSACTION
control field 20200604133604.0
008 - FIXED-LENGTH DATA ELEMENTS--GENERAL INFORMATION
fixed length control field 200604b ||||| |||| 00| 0 eng d
020 ## - INTERNATIONAL STANDARD BOOK NUMBER
International Standard Book Number 9783938780473
082 ## - DEWEY DECIMAL CLASSIFICATION NUMBER
Classification number 721.3
Item number BRA
100 ## - MAIN ENTRY--PERSONAL NAME
Personal name Braun Sebastian Markus
245 ## - TITLE STATEMENT
Title Architectural details. Pillars
260 ## - PUBLICATION, DISTRIBUTION, ETC. (IMPRINT)
Name of publisher, distributor, etc Verlaghaus - Braun
Date of publication, distribution, etc April 28, 2008
942 ## - ADDED ENTRY ELEMENTS (KOHA)
Source of classification or shelving scheme
Holdings
Withdrawn status Lost status Source of classification or shelving scheme Damaged status Koha normalized classification for sorting Not for loan Permanent location Current location Date acquired Full call number Barcode Date last seen Price effective from Koha item type
        721_300000000000000_BRA   BMS College of Architecture, Design and Planning BMS College of Architecture, Design and Planning 2020-06-04 721.3 BRA AR-UG1547 2020-06-04 2020-06-04 UG Books
Copyright © 2025, The Librarian, Library and Information Centre, BMSCA D&P, Bengaluru. All Rights Reserved
web counter

Powered by Koha